[Event "SC Doppelbauer Brambauer 1 - SV Hamm 1"]
[Site "Verbandsliga, Gruppe 2 2017/2"]
[Date "2017.09.17"]
[Round "1.6"]
[White "Jochmann, Christian"]
[Black "Vierbuchen, Joachim"]
[Result "0-1"]
[WhiteElo "1821"]
[BlackElo "1883"]
[PlyCount "100"]
[EventDate "2017.??.??"]

1. e4 c5 2. Nc3 Nc6 3. g3 g6 4. Bg2 Bg7 5. d3 e6 6. Nge2 Nge7 7. Be3 d6 8. O-O
O-O 9. d4 b6 10. f4 Ba6 11. Re1 Rc8 12. Qd2 e5 13. d5 Nd4 14. fxe5 Nxe2+ 15.
Nxe2 Bxe5 16. c3 Bxe2 17. Rxe2 Qd7 18. Rf1 Rc7 19. Ref2 Qa4 20. b3 Qa5 21. c4
Qxd2 22. Rxd2 Kg7 23. Bh3 Ng8 24. g4 Nf6 25. Re2 Nxe4 26. Bh6+ Kxh6 27. Rxe4 f6
28. Rf3 Re7 29. Kg2 Rfe8 30. Rfe3 Kg5 31. Re2 h5 32. gxh5 f5 33. R4e3 Kxh5 34.
Kf3 Kg5 35. Bf1 Rh8 36. h3 Reh7 37. a4 Kf6 38. Ra2 a5 39. Ree2 Rh4 40. Ke3 Rd4
41. Kf3 Rhh4 42. Rad2 Rdf4+ 43. Kg2 Rh5 44. Rf2 Rg5+ 45. Kh1 Rxf2 46. Rxf2 Rg3
47. Ra2 g5 48. Bg2 Rxb3 49. Kg1 Bb2 50. Kf2 Ke5 0-1

[Event "SC Doppelbauer Brambauer 1 - SV Hamm 1"]
[Site "Verbandsliga, Gruppe 2 2017/2"]
[Date "2017.09.17"]
[Round "1.7"]
[White "Bachmann, Rolf"]
[Black "Rips, Frank"]
[Result "0-1"]
[WhiteElo "1811"]
[BlackElo "1791"]
[PlyCount "56"]
[EventDate "2017.??.??"]

1. c4 e5 2. Nc3 Nf6 3. g3 Bb4 4. Nf3 Nc6 5. Nd5 Bc5 6. d3 Ng4 7. e3 d6 8. Bg2
O-O 9. O-O Ne7 10. a3 Nxd5 11. cxd5 Bb6 12. Nd2 a5 13. Nc4 Bc5 14. a4 Qf6 15.
h3 Nh6 16. e4 Qg6 17. Kh2 f5 18. f4 fxe4 19. dxe4 Ng4+ 20. hxg4 Bxg4 21. Qxg4
Qxg4 22. Bf3 Qd7 23. fxe5 dxe5 24. Nxe5 Qe7 25. Bf4 Ra6 26. Bg4 g5 27. Be6+
Rxe6 28. dxe6 gxf4 0-1

[Event "SG Gladbeck 1 - SV Recklinghausen-Süd 1"]
[Site "Verbandsliga, Gruppe 2 2017/2"]
[Date "2017.09.17"]
[Round "1.1"]
[White "Beckmann, Klaus"]
[Black "Mancic, Ivan"]
[Result "0-1"]
[WhiteElo "2152"]
[BlackElo "2107"]
[PlyCount "60"]
[EventDate "2017.??.??"]

1. d4 Nf6 2. Nf3 d5 3. e3 g6 4. c4 Bg7 5. Nc3 O-O 6. b4 c6 7. Bb2 Bg4 8. Qb3
Bxf3 9. gxf3 a5 10. b5 dxc4 11. Bxc4 cxb5 12. Qxb5 Nc6 13. O-O a4 14. Ba3 Ra5
15. Qxb7 Rg5+ 16. Kh1 Na5 17. Qb4 Qc7 18. Be2 Rb8 19. Nb5 Rbxb5 20. Bxb5 Rh5
21. f4 Qb7+ 22. f3 Rxb5 23. Qxa4 Nd5 24. Rae1 h6 25. Qc2 e6 26. e4 Nxf4 27. Rb1
Qa6 28. Rxb5 Qxb5 29. Rb1 Qh5 30. Rf1 Qh3 0-1

[Event "SG Gladbeck 1 - SV Recklinghausen-Süd 1"]
[Site "Verbandsliga, Gruppe 2 2017/2"]
[Date "2017.09.17"]
[Round "1.2"]
[White "Frohne, Gerd"]
[Black "Herud, Martin"]
[Result "1/2-1/2"]
[WhiteElo "2064"]
[BlackElo "1985"]
[PlyCount "128"]
[EventDate "2017.??.??"]

1. d4 d5 2. c4 Nc6 3. Nf3 e5 4. dxe5 Bb4+ 5. Bd2 dxc4 6. e3 Be6 7. a3 Bc5 8.
Qa4 a6 9. Bxc4 b5 10. Bxb5 axb5 11. Qxb5 Nge7 12. Qxc5 Qd3 13. Qc3 Qb5 14. b4
O-O 15. a4 Rxa4 16. Rxa4 Qxa4 17. O-O Nd5 18. Qc5 Ncxb4 19. Bxb4 Qxb4 20. Qxb4
Nxb4 21. Rc1 Rc8 22. Nbd2 c5 23. Ne4 Nd3 24. Rc3 c4 25. h3 Ra8 26. Kh2 h6 27.
Kg3 Ra5 28. Nfd2 Nb2 29. Rc2 Rb5 30. f4 Nd1 31. Kf3 Bd5 32. Ke2 c3 33. Nxc3
Nxc3+ 34. Rxc3 Bxg2 35. h4 g5 36. Kf2 gxf4 37. exf4 Rb2 38. Rd3 Be4 39. Rd4 Bf5
40. Kg3 Kg7 41. Rd6 Rc2 42. Nf3 Rc3 43. Kf2 Rc2+ 44. Rd2 Rxd2+ 45. Nxd2 Kg6 46.
Nc4 f6 47. Nd6 fxe5 48. fxe5 Be6 49. Kg3 Bd7 50. Kf4 Kh5 51. Nf5 Kg6 52. Ng3
Bc8 53. h5+ Kh7 54. Nf5 Bd7 55. Ke4 Be8 56. Ng3 Kg7 57. Kd5 Kf7 58. Kd6 Ba4 59.
Ne2 Bd1 60. Nf4 Bg4 61. e6+ Bxe6 62. Nxe6 Kf6 63. Kd7 Kf7 64. Nf4 Kf6 1/2-1/2

[Event "SG Gladbeck 1 - SV Recklinghausen-Süd 1"]
[Site "Verbandsliga, Gruppe 2 2017/2"]
[Date "2017.09.17"]
[Round "1.3"]
[White "Callenberg, Ralf"]
[Black "Berg, Dietmar"]
[Result "1-0"]
[WhiteElo "2029"]
[BlackElo "1969"]
[Annotator "Daniel"]
[PlyCount "41"]
[EventDate "2017.??.??"]

1. c4 c5 2. g3 Nc6 3. Bg2 g6 4. Nc3 Bg7 5. d3 Nf6 6. e4 d6 7. Nge2 O-O 8. O-O
Bd7 9. h3 Qc8 10. g4 h5 11. g5 Ne8 12. Kh2 Nc7 13. f4 e6 14. Ng3 Nd4 $11 15. e5
dxe5 16. Nce4 h4 17. Nh5 gxh5 18. Nf6+ Bxf6 19. gxf6 exf4 20. Qxh5 Nf5 21. Rxf4
1-0

[Event "SG Gladbeck 1 - SV Recklinghausen-Süd 1"]
[Site "Verbandsliga, Gruppe 2 2017/2"]
[Date "2017.09.17"]
[Round "1.4"]
[White "Rickert, Stefan"]
[Black "Mecklenburg, Roland"]
[Result "1/2-1/2"]
[WhiteElo "1911"]
[BlackElo "2010"]
[PlyCount "56"]
[EventDate "2017.??.??"]

1. c4 e5 2. Nc3 Nc6 3. g3 Bb4 4. Bg2 Bxc3 5. bxc3 d6 6. d3 h6 7. e4 Nf6 8. f4
Qe7 9. Nf3 Bg4 10. O-O Qd7 11. f5 Bxf3 12. Bxf3 Na5 13. Be3 b6 14. Qe2 Qc6 15.
Rad1 Qa4 16. Kh1 Nb7 17. Qb2 Nd7 18. Rb1 Qa5 19. Qb5 Qxb5 20. Rxb5 Ke7 21. g4
f6 22. Rg1 Rag8 23. Rb2 Nbc5 24. Be2 g5 25. Kg2 Rb8 26. Kf2 a5 27. Rbb1 Na4 28.
Bd2 Nac5 1/2-1/2

[Event "SG Gladbeck 1 - SV Recklinghausen-Süd 1"]
[Site "Verbandsliga, Gruppe 2 2017/2"]
[Date "2017.09.17"]
[Round "1.5"]
[White "Hoefker, Mathias"]
[Black "Kucheyda, Joerg"]
[Result "1-0"]
[WhiteElo "2047"]
[BlackElo "1939"]
[PlyCount "63"]
[EventDate "2017.??.??"]

1. d4 Nf6 2. Nf3 g6 3. Bg5 Bg7 4. Nbd2 d6 5. e3 Nbd7 6. Be2 b6 7. O-O Bb7 8. c3
h6 9. Bh4 g5 10. Bg3 Nf8 11. Qa4+ c6 12. e4 N6d7 13. Rfe1 Ng6 14. Rad1 O-O 15.
Nf1 e5 16. Ne3 Qc7 17. Nf5 Nf4 18. Bf1 Rfe8 19. h4 g4 20. Nh2 h5 21. f3 gxf3
22. Nxf3 Bf8 23. Qc2 Re6 24. Qd2 Ng6 25. Qg5 Nf6 26. dxe5 dxe5 27. Bc4 Nh7 28.
Qxh5 Rf6 29. Ng5 Bc5+ 30. Kh2 Ngf8 31. Nxf7 b5 32. Bb3 1-0

[Event "SG Gladbeck 1 - SV Recklinghausen-Süd 1"]
[Site "Verbandsliga, Gruppe 2 2017/2"]
[Date "2017.09.17"]
[Round "1.6"]
[White "Wenzel, Martin"]
[Black "Hajra, Hetem"]
[Result "1/2-1/2"]
[WhiteElo "1944"]
[BlackElo "1936"]
[PlyCount "72"]
[EventDate "2017.??.??"]

1. e4 e6 2. d4 d5 3. Nc3 dxe4 4. Nxe4 Nc6 5. Nf3 Be7 6. Be2 Nf6 7. Ng3 b6 8.
O-O Bb7 9. c4 O-O 10. a3 a5 11. Qd3 Na7 12. Rd1 c5 13. Be3 Qc7 14. Qc3 Rac8 15.
Rd2 Ne4 16. Nxe4 Bxe4 17. d5 Bf6 18. Qb3 exd5 19. cxd5 Rfd8 20. Ng5 Bg6 21. d6
Qc6 22. Rad1 h6 23. Nf3 a4 24. Qc4 Be4 25. d7 Rc7 26. Bf4 b5 27. Qc1 Rcxd7 28.
Rxd7 Rxd7 29. Rxd7 Qxd7 30. Qxc5 Bxf3 31. gxf3 Bxb2 32. Be3 Nc8 33. Bxb5 Qd1+
34. Kg2 Nd6 35. Bd7 Qd3 36. Bxa4 Bxa3 1/2-1/2

[Event "SG Gladbeck 1 - SV Recklinghausen-Süd 1"]
[Site "Verbandsliga, Gruppe 2 2017/2"]
[Date "2017.09.17"]
[Round "1.7"]
[White "Stahlhofen, Thomas"]
[Black "Schelwokat, Peter"]
[Result "0-1"]
[WhiteElo "1824"]
[BlackElo "1885"]
[PlyCount "90"]
[EventDate "2017.??.??"]

1. e4 b6 2. d4 Bb7 3. Nc3 e6 4. Nf3 Bb4 5. Bd3 Nf6 6. Qe2 d5 7. e5 Ne4 8. Bd2
Nxd2 9. Qxd2 Nd7 10. a3 Be7 11. Ne2 c5 12. c3 a5 13. Rc1 c4 14. Bc2 b5 15. Qf4
g5 16. Qg3 h5 17. h4 g4 18. Nd2 Qc7 19. Qf4 Bf8 20. Qg3 O-O-O 21. f4 b4 22.
cxb4 axb4 23. axb4 Bxb4 24. Ra1 Nb6 25. Nc3 Bc6 26. O-O Kb7 27. f5 Nd7 28. Rf2
Ra8 29. Rff1 Rxa1 30. Rxa1 Ra8 31. Qe1 Qb6 32. Rxa8 Qxd4+ 33. Kh1 Kxa8 34. fxe6
fxe6 35. Bg6 Qxe5 36. Qxe5 Nxe5 37. Bxh5 d4 38. Nce4 Bxe4 39. Nxe4 d3 40. Nf2
Bc5 41. Nxg4 Bd4 42. Nf6 Bxb2 43. Ne4 c3 44. Nxc3 Bxc3 45. Kg1 Be1 0-1

[Event "SG Gladbeck 1 - SV Recklinghausen-Süd 1"]
[Site "Verbandsliga, Gruppe 2 2017/2"]
[Date "2017.09.17"]
[Round "1.8"]
[White "Winzbeck, Frank"]
[Black "Bleich, Karl-Heinz"]
[Result "1-0"]
[WhiteElo "1840"]
[BlackElo "1560"]
[Annotator "Daniel"]
[PlyCount "55"]
[EventDate "2017.??.??"]

1. d4 Nf6 2. c4 d6 3. Nf3 g6 4. Nc3 Bg7 5. e4 Nbd7 6. e5 dxe5 7. dxe5 Ng4 8. e6
fxe6 9. Ng5 Nde5 10. Qxd8+ Kxd8 11. f4 h6 12. fxe5 hxg5 13. Bxg5 Bxe5 $11 14.
Be2 Bxc3+ 15. bxc3 Nf6 16. Bd3 Rg8 17. O-O Nh7 18. Bh4 Rg7 19. Rae1 a5 20. c5
b6 21. Be4 c6 22. Bxc6 Ra6 23. Bb5 Ra7 24. cxb6 Rb7 25. Rd1+ Bd7 26. Bxd7 Rxd7
27. b7 Rxd1 28. b8=Q+ 1-0

[Event "SV Rot-Weiß-Altenessen 1 - SK Holsterha"]
[Site "Verbandsliga, Gruppe 2 2017/2"]
[Date "2017.09.17"]
[Round "1.1"]
[White "Walbaum, Klaus"]
[Black "Praß, Marian"]
[Result "1-0"]
[WhiteElo "2074"]
[BlackElo "2005"]
[PlyCount "101"]
[EventDate "2017.??.??"]

1. Nf3 d5 2. g3 Nf6 3. Bg2 c6 4. O-O g6 5. d3 Bg7 6. Nbd2 O-O 7. c3 Nbd7 8. Qc2
e5 9. e4 Re8 10. Re1 a5 11. a4 Qc7 12. h3 b6 13. d4 dxe4 14. Nxe4 Nxe4 15. Rxe4
Bb7 16. dxe5 Nxe5 17. Bf4 Nxf3+ 18. Bxf3 Qd7 19. Rae1 Rxe4 20. Qxe4 Rd8 21. Qe7
Bf8 22. Qxd7 Rxd7 23. Re8 Kg7 24. Be5+ f6 25. Bxf6+ Kxf6 26. Rxf8+ Ke7 27. Rb8
Kd6 28. Kg2 Kc7 29. Rf8 b5 30. Rf4 Kb6 31. g4 Rd2 32. axb5 Rxb2 33. bxc6 Ba6
34. Rf8 Rc2 35. Rb8+ Ka7 36. Rb3 a4 37. Ra3 Kb6 38. Rxa4 Rxc3 39. Rb4+ Kc7 40.
Rf4 Bc4 41. g5 Be6 42. h4 Bf5 43. Ra4 Kd6 44. Ra7 Bh3+ 45. Kxh3 Rxf3+ 46. Kg2
Rc3 47. Rxh7 Ke6 48. c7 Rc2 49. Kg3 Rc3+ 50. f3 Rc4 51. Rg7 1-0

[Event "SV Rot-Weiß-Altenessen 1 - SK Holsterha"]
[Site "Verbandsliga, Gruppe 2 2017/2"]
[Date "2017.09.17"]
[Round "1.2"]
[White "Kordonowski, Frank"]
[Black "Kortenbusch, Christoph"]
[Result "1/2-1/2"]
[WhiteElo "2000"]
[BlackElo "2066"]
[PlyCount "74"]
[EventDate "2017.??.??"]

1. Nf3 c5 2. c4 Nf6 3. Nc3 Nc6 4. g3 g6 5. Bg2 Bg7 6. O-O O-O 7. d4 cxd4 8.
Nxd4 Ng4 9. Nxc6 bxc6 10. h3 Ne5 11. Qa4 Qb6 12. c5 Qxc5 13. Be3 Qc4 14. Qa3
Qe6 15. b3 Nf3+ 16. Bxf3 Bxc3 17. Rac1 Be5 18. Bg2 Bxg3 19. Bh6 Bd6 20. Qa5 Re8
21. Rc4 Qe5 22. Qxe5 Bxe5 23. Rd1 a5 24. Bd2 Ba6 25. Re4 f6 26. Bxa5 d5 27. Re3
Bxe2 28. Rxe2 Rxa5 29. Rc2 e6 30. b4 Ra4 31. a3 Rxa3 32. Rxc6 Rb3 33. Rxe6 Rxe6
34. Bxd5 Rxb4 35. Bxe6+ Kf8 36. Rd7 h5 37. Bf7 Rd4 1/2-1/2

[Event "SV Rot-Weiß-Altenessen 1 - SK Holsterha"]
[Site "Verbandsliga, Gruppe 2 2017/2"]
[Date "2017.09.17"]
[Round "1.3"]
[White "Schwalen, Peter"]
[Black "Birdaini, Becir"]
[Result "1/2-1/2"]
[WhiteElo "2042"]
[BlackElo "2010"]
[PlyCount "95"]
[EventDate "2017.??.??"]

1. e4 c6 2. Nc3 d5 3. Nf3 h6 4. d3 Bg4 5. Be2 e6 6. O-O a6 7. Nd2 Bxe2 8. Nxe2
Nf6 9. e5 Nh7 10. f4 g6 11. Kh1 h5 12. Nb3 Nd7 13. Be3 c5 14. c4 d4 15. Bf2 Be7
16. Nd2 Qc7 17. Ng1 Nb8 18. Ne4 Nc6 19. Nf3 Nf8 20. Bh4 Nh7 21. Bxe7 Nxe7 22.
a3 Nf5 23. Qa4+ Kf8 24. b4 b6 25. Rfb1 Kg7 26. Rb2 Rhb8 27. bxc5 bxc5 28. Rab1
h4 29. Nfd2 Rxb2 30. Rxb2 g5 31. fxg5 Qxe5 32. Nf3 Qf4 33. Qd1 Rc8 34. Qd2 Ne3
35. h3 Nf8 36. Rb7 Ng6 37. Qf2 Rc7 38. Nf6 Rxb7 39. Nh5+ Kg8 40. Nxf4 Nxf4 41.
Qxh4 Rb1+ 42. Kh2 Ne2 43. Nd2 Rd1 44. g6 fxg6 45. Qd8+ Kh7 46. Qe7+ Kh8 47.
Qf8+ Kh7 48. Qe7+ 1/2-1/2

[Event "SV Rot-Weiß-Altenessen 1 - SK Holsterha"]
[Site "Verbandsliga, Gruppe 2 2017/2"]
[Date "2017.09.17"]
[Round "1.4"]
[White "Cavasin, Joerg"]
[Black "Bobzin, Pierre"]
[Result "0-1"]
[WhiteElo "1891"]
[BlackElo "2049"]
[PlyCount "36"]
[EventDate "2017.??.??"]

1. c4 Nf6 2. Nf3 d6 3. d4 Nbd7 4. g3 e5 5. Nc3 g6 6. Bg2 Bg7 7. O-O O-O 8. Qc2
h6 9. dxe5 dxe5 10. h3 c6 11. e4 Nh7 12. Be3 Ng5 13. Rad1 Nxf3+ 14. Bxf3 Qe7
15. Kh2 f5 16. Qd2 f4 17. gxf4 exf4 18. Bxf4 Rxf4 0-1

[Event "SV Rot-Weiß-Altenessen 1 - SK Holsterha"]
[Site "Verbandsliga, Gruppe 2 2017/2"]
[Date "2017.09.17"]
[Round "1.5"]
[White "Imberg, Thorsten"]
[Black "Rohloff, Markus"]
[Result "1-0"]
[WhiteElo "1945"]
[BlackElo "1851"]
[PlyCount "81"]
[EventDate "2017.??.??"]

1. Nf3 Nf6 2. g3 g6 3. Bg2 Bg7 4. d3 O-O 5. O-O d6 6. c4 c6 7. Nc3 Re8 8. Rb1
e5 9. Bg5 h6 10. Bxf6 Qxf6 11. b4 Qe7 12. Qc2 Na6 13. Nd2 Nc7 14. b5 cxb5 15.
Nxb5 Nxb5 16. Rxb5 Rb8 17. Rfb1 b6 18. a4 Qc7 19. a5 Bd7 20. axb6 Rxb6 21. Rxb6
axb6 22. Qb3 Rb8 23. Ne4 Bc6 24. Nc3 Bxg2 25. Kxg2 Qc6+ 26. Nd5 Bf6 27. Qb5
Qxb5 28. Nxf6+ Kg7 29. Nh5+ gxh5 30. Rxb5 Kg6 31. e3 Rb7 32. Kf3 Kf5 33. d4 f6
34. c5 e4+ 35. Kg2 dxc5 36. dxc5 Kg6 37. cxb6 f5 38. Kh3 Kg5 39. Rb2 Kf6 40.
Kh4 Kg6 41. Rb5 1-0

[Event "SV Rot-Weiß-Altenessen 1 - SK Holsterha"]
[Site "Verbandsliga, Gruppe 2 2017/2"]
[Date "2017.09.17"]
[Round "1.7"]
[White "Krieglstein, Marcel"]
[Black "Metzner, Carsten"]
[Result "1/2-1/2"]
[WhiteElo "1829"]
[BlackElo "1787"]
[PlyCount "63"]
[EventDate "2017.??.??"]

1. d4 Nf6 2. c4 c6 3. Nc3 d5 4. Nf3 e6 5. Bg5 h6 6. Bh4 Be7 7. e3 Ne4 8. Bxe7
Nxc3 9. Bxd8 Nxd1 10. Rxd1 Kxd8 11. Be2 dxc4 12. Bxc4 Ke7 13. O-O Nd7 14. b4
Rd8 15. e4 Nb6 16. Bb3 a5 17. bxa5 Rxa5 18. Rc1 Bd7 19. Rc2 Rc8 20. Rfc1 Kd8
21. h3 Na8 22. Ne5 Be8 23. Nc4 Ra6 24. Nd6 Rc7 25. Nxe8 Kxe8 26. d5 Ke7 27. f4
exd5 28. exd5 Kd6 29. dxc6 Raxc6 30. Rxc6+ bxc6 31. Kf2 Nb6 32. Kf3 1/2-1/2

[Event "SV Rot-Weiß-Altenessen 1 - SK Holsterha"]
[Site "Verbandsliga, Gruppe 2 2017/2"]
[Date "2017.09.17"]
[Round "1.8"]
[White "Neugebauer, Thomas"]
[Black "Petrovic, Vladan"]
[Result "1-0"]
[WhiteElo "1809"]
[BlackElo "1891"]
[PlyCount "69"]
[EventDate "2017.??.??"]

1. e4 c6 2. d4 d5 3. e5 Bf5 4. Ne2 e6 5. Ng3 Bg6 6. Bd3 Ne7 7. O-O Nd7 8. c3 c5
9. Be3 Nc6 10. a3 Be7 11. b4 cxd4 12. cxd4 a6 13. f4 Bxd3 14. Qxd3 g6 15. Nd2
b5 16. Rac1 Rc8 17. f5 gxf5 18. Nxf5 Bf8 19. Nd6+ Bxd6 20. exd6 Nf8 21. Bf4 Ng6
22. Bg3 h5 23. Rce1 Rg8 24. Qf3 Qd7 25. Nb3 h4 26. Be5 Ncxe5 27. dxe5 Rc2 28.
Nc5 Nxe5 29. Rxe5 Rgxg2+ 30. Qxg2 Rxg2+ 31. Kxg2 Qxd6 32. Rfe1 Kf8 33. Kh3 Qe7
34. Rxd5 Qf6 35. Nd7+ 1-0

[Event "SV Mülheim-Nord 3 - SC Mülheim 1"]
[Site "Verbandsliga, Gruppe 2 2017/2"]
[Date "2017.09.17"]
[Round "1.2"]
[White "Ozerov, Ilja"]
[Black "Langschmidt, Dirk"]
[Result "1-0"]
[WhiteElo "2161"]
[BlackElo "1976"]
[PlyCount "79"]
[EventDate "2017.??.??"]

1. d4 e6 2. e4 d5 3. Nd2 h6 4. Ngf3 Nf6 5. Bd3 c5 6. e5 Nfd7 7. c3 Nc6 8. Nf1
cxd4 9. cxd4 Qb6 10. Qa4 Qb4+ 11. Qxb4 Nxb4 12. Bb1 b6 13. a3 Nc6 14. Bd3 Bb7
15. Bf4 Be7 16. h4 O-O 17. Ng3 f6 18. Nh5 fxe5 19. Nxe5 Ncxe5 20. Bxe5 Nxe5 21.
dxe5 Bc5 22. f4 Bd4 23. Rb1 Be3 24. g3 Rac8 25. Rh2 d4 26. Ke2 Rc7 27. Rf1 Ba6
28. Bxa6 Rc2+ 29. Kf3 Rxh2 30. Bc4 Re8 31. f5 Kh8 32. Bxe6 Rf8 33. Ke4 Rxb2 34.
Bd7 Bf2 35. Nf4 d3 36. Ng6+ Kg8 37. Be6+ Rf7 38. Kxd3 h5 39. Rd1 Bc5 40. Kc3
1-0

[Event "SV Mülheim-Nord 3 - SC Mülheim 1"]
[Site "Verbandsliga, Gruppe 2 2017/2"]
[Date "2017.09.17"]
[Round "1.3"]
[White "Riese, Manfred"]
[Black "Limbourg, Philipp"]
[Result "0-1"]
[WhiteElo "1815"]
[BlackElo "2165"]
[PlyCount "126"]
[EventDate "2017.??.??"]

1. c4 e5 2. g3 Nc6 3. Bg2 f5 4. Nc3 Nf6 5. a3 g6 6. d3 Bg7 7. Bg5 h6 8. Bxf6
Bxf6 9. e3 d6 10. Nge2 O-O 11. O-O Ne7 12. Qd2 Kh7 13. Rad1 c6 14. d4 e4 15. d5
cxd5 16. cxd5 Bd7 17. Nd4 Qb6 18. Nde2 Rac8 19. Rc1 a5 20. Rfd1 Rc5 21. Nf4
Rfc8 22. Ne6 Bxc3 23. bxc3 Rxd5 24. Nd4 Qc5 25. c4 Re5 26. Qb2 Ba4 27. Re1 b6
28. h4 h5 29. Bf1 Qc7 30. Rb1 Rb8 31. Qa2 Nc6 32. Ne2 Nd8 33. Nf4 Bc6 34. Red1
Ne6 35. Ne2 Rc5 36. Nd4 Bd7 37. Rbc1 Re5 38. Ne2 Ba4 39. Rd5 Rxd5 40. cxd5 Nc5
41. Nd4 Qg7 42. Bb5 Bxb5 43. Nxb5 Qe7 44. Nd4 Qf6 45. Rb1 Rb7 46. Qc4 Qe7 47.
Kg2 Kh6 48. Nc6 Qd7 49. Qc3 Qg7 50. Nd4 Rc7 51. Qb2 Qe5 52. Nb5 Qxb2 53. Rxb2
Nd3 54. Rd2 Rc5 55. Nxd6 Rxd5 56. Nc4 b5 57. Nxa5 Ne1+ 58. Kf1 Rxd2 59. Kxe1
Ra2 60. Nc6 Rxa3 61. Nd4 Ra1+ 62. Kd2 b4 63. Nc2 b3 0-1

[Event "SV Mülheim-Nord 3 - SC Mülheim 1"]
[Site "Verbandsliga, Gruppe 2 2017/2"]
[Date "2017.09.17"]
[Round "1.4"]
[White "Simanowski, Mio"]
[Black "Straenger, Petra"]
[Result "1/2-1/2"]
[WhiteElo "1933"]
[BlackElo "1814"]
[Annotator "Daniel"]
[PlyCount "101"]
[EventDate "2017.??.??"]

1. e4 d5 2. exd5 Qxd5 3. Nc3 Qa5 4. Nf3 c6 5. d4 Nf6 6. Bd3 Bg4 7. h3 Bh5 8.
O-O e6 9. Ne4 Nbd7 10. Ng3 Bd6 11. Nxh5 Qxh5 12. Be3 O-O 13. Nd2 Qxd1 $11 14.
Raxd1 Nd5 15. Ne4 Bc7 16. c4 N5f6 17. Nxf6+ Nxf6 18. Bg5 Bd8 19. Bh4 Rc8 20.
Bc2 Nd7 21. Bg3 Bc7 22. f4 Rfe8 23. Rd3 c5 24. d5 exd5 25. cxd5 c4 26. Rdd1 Re2
27. Bf5 Rd8 28. Rfe1 Rxe1+ 29. Rxe1 Nf6 30. Rc1 Bb6+ 31. Bf2 Bxf2+ 32. Kxf2 g6
33. Bg4 Nxg4+ 34. hxg4 Rxd5 35. Ke3 b5 36. Rc3 a5 37. a4 bxa4 38. Rxc4 Rb5 39.
Rxa4 Rxb2 40. g3 Rb3+ 41. Kf2 Rb5 42. Ke3 Kg7 43. Ra3 Kf6 44. Kd4 Rb4+ 45. Kc3
Rb1 46. Kd2 a4 47. Kc2 Rg1 48. Kd2 Rg2+ 49. Ke1 Ke6 50. Kf1 Rd2 51. Rxa4
1/2-1/2

[Event "SV Mülheim-Nord 3 - SC Mülheim 1"]
[Site "Verbandsliga, Gruppe 2 2017/2"]
[Date "2017.09.17"]
[Round "1.5"]
[White "Otto, Michael"]
[Black "Kuipers, Dustin"]
[Result "0-1"]
[WhiteElo "1802"]
[BlackElo "1997"]
[PlyCount "42"]
[EventDate "2017.??.??"]

1. e4 c5 2. Nf3 Nc6 3. d4 cxd4 4. Nxd4 Nf6 5. Nc3 e6 6. a3 d5 7. Bb5 Bd7 8.
exd5 exd5 9. O-O Be7 10. Re1 O-O 11. Bg5 Re8 12. Ba4 h6 13. Bh4 Qb6 14. Rxe7
Nxe7 15. Bxd7 Red8 16. Bb5 g5 17. Bg3 Ne4 18. Na4 Qf6 19. f3 Nxg3 20. hxg3 Rac8
21. Bd3 Qxd4+ 0-1

[Event "SV Mülheim-Nord 3 - SC Mülheim 1"]
[Site "Verbandsliga, Gruppe 2 2017/2"]
[Date "2017.09.17"]
[Round "1.6"]
[White "Brockhaus, Bernd"]
[Black "Riek, Wolfgang"]
[Result "1-0"]
[WhiteElo "1954"]
[BlackElo "1763"]
[PlyCount "73"]
[EventDate "2017.??.??"]

1. e4 c6 2. d4 d5 3. e5 c5 4. c3 Nc6 5. Nf3 e6 6. Be2 Nge7 7. O-O Ng6 8. Be3
Be7 9. g3 O-O 10. h4 b6 11. h5 Nh8 12. Qa4 Bd7 13. Qc2 Rc8 14. Ba6 Rc7 15. Bd3
g6 16. Bh6 Re8 17. dxc5 bxc5 18. Qd2 f6 19. hxg6 hxg6 20. Bf4 f5 21. Kg2 Nf7
22. Qe2 g5 23. Bd2 Kg7 24. Rh1 Rh8 25. Bxf5 Rxh1 26. Kxh1 Kh6 27. Bg4 Kg7 28.
Kg2 Nh6 29. Bh5 Na5 30. Qd3 Be8 31. Bxe8 Qxe8 32. Bxg5 Nf5 33. Qd2 Qg6 34. Na3
Nc6 35. Re1 Rb7 36. b3 c4 37. Bxe7 1-0

[Event "SV Mülheim-Nord 3 - SC Mülheim 1"]
[Site "Verbandsliga, Gruppe 2 2017/2"]
[Date "2017.09.17"]
[Round "1.7"]
[White "Meyer, Friedel"]
[Black "Schlenter, Ruediger"]
[Result "1/2-1/2"]
[WhiteElo "1708"]
[BlackElo "1849"]
[PlyCount "22"]
[EventDate "2017.??.??"]

1. c4 c5 2. g3 g6 3. Bg2 Bg7 4. Nc3 Nc6 5. Nf3 Nf6 6. d3 O-O 7. O-O d6 8. h3 a6
9. e4 Bd7 10. Be3 Rb8 11. Rc1 h6 1/2-1/2

[Event "SV Mülheim-Nord 3 - SC Mülheim 1"]
[Site "Verbandsliga, Gruppe 2 2017/2"]
[Date "2017.09.17"]
[Round "1.8"]
[White "Fleischer, Michael"]
[Black "Wisotzky, Klaus"]
[Result "1/2-1/2"]
[WhiteElo "1830"]
[BlackElo "1611"]
[Annotator "Daniel"]
[PlyCount "89"]
[EventDate "2017.??.??"]

1. e4 e6 2. d4 d5 3. Nc3 dxe4 4. Nxe4 Nd7 5. Nf3 Ngf6 6. Ng3 c5 7. c3 cxd4 8.
Nxd4 Be7 9. Bd3 a6 10. O-O O-O 11. Re1 Re8 $11 12. Qe2 Nf8 13. Ne4 Bd7 14.
Nxf6+ Bxf6 15. Be3 Qc7 16. Rad1 Rad8 17. Bc2 Bc6 18. Nxc6 Qxc6 19. Qg4 Qc8 20.
h4 Rxd1 21. Rxd1 Rd8 22. h5 Rxd1+ 23. Bxd1 Qd8 24. Bc2 Qd5 25. Bb3 Qd3 26. Qd1
Qxd1+ 27. Bxd1 Bd8 28. Bf3 b6 29. Bc6 h6 30. b4 Nh7 31. Bb7 a5 32. bxa5 bxa5
33. c4 Bc7 34. Kf1 Kf8 35. Ke2 Ke7 36. Kd3 e5 37. Bd5 f5 38. Bc5+ Kd7 39. Bf7
Bd6 40. Bb6 Bc7 41. Bxc7 Kxc7 42. Bg6 Nf6 43. Bxf5 Nxh5 44. Ke4 Kd6 45. Bc8
1/2-1/2

[Event "SG Bochum 3 - SC Gerthe - Werne 1"]
[Site "Verbandsliga, Gruppe 2 2017/2"]
[Date "2017.09.17"]
[Round "1.1"]
[White "Quast, Marcel"]
[Black "Zeldin, Leonid"]
[Result "1/2-1/2"]
[WhiteElo "2205"]
[BlackElo "2076"]
[Annotator "Daniel"]
[PlyCount "60"]
[EventDate "2017.??.??"]

1. e4 d6 2. Nc3 e5 3. Nf3 Nf6 4. d4 Nbd7 5. dxe5 dxe5 6. Bc4 Bb4 7. Bd2 O-O $11
8. Qe2 c6 9. a3 Be7 10. O-O b5 11. Bd3 Qc7 12. b4 a5 13. Rab1 axb4 14. axb4 Nb6
15. Nd1 Rd8 16. Ne3 g6 $11 17. Bc3 Nfd7 18. Nd2 Nf8 19. Ng4 Bxg4 20. Qxg4 Ne6
21. g3 h5 22. Qe2 Nd4 23. Qd1 Ra2 24. f4 Na4 25. Bxd4 Rxd4 26. Nf3 Nc3 27. Qe1
Rxd3 28. cxd3 Nxb1 29. Qxb1 Qa7+ 30. Kh1 exf4 1/2-1/2

[Event "SG Bochum 3 - SC Gerthe - Werne 1"]
[Site "Verbandsliga, Gruppe 2 2017/2"]
[Date "2017.09.17"]
[Round "1.2"]
[White "Pilat, Daniel"]
[Black "Brueggestraß, Volker"]
[Result "1/2-1/2"]
[WhiteElo "2128"]
[BlackElo "2021"]
[PlyCount "52"]
[EventDate "2017.??.??"]

1. d4 Nf6 2. Nf3 g6 3. g3 d5 4. Bg2 Bg7 5. b4 a5 6. b5 c5 7. bxc6 Nxc6 8. Nbd2
Ne4 9. Bb2 e5 10. Nxe4 dxe4 11. Nxe5 Nxe5 12. dxe5 Qe7 13. O-O Bxe5 14. Rb1 O-O
15. Qd5 Re8 16. e3 Bxb2 17. Rxb2 Be6 18. Qxe4 Rab8 19. Qa4 b6 20. h4 Rec8 21.
Rd1 Rc4 22. Qb5 Qc7 23. Qg5 Rxc2 24. Rxc2 Qxc2 25. Rd8+ Rxd8 26. Qxd8+ Kg7
1/2-1/2

[Event "SG Bochum 3 - SC Gerthe - Werne 1"]
[Site "Verbandsliga, Gruppe 2 2017/2"]
[Date "2017.09.17"]
[Round "1.3"]
[White "Berens, Thomas"]
[Black "Boehle, Lars"]
[Result "1/2-1/2"]
[WhiteElo "1901"]
[BlackElo "2109"]
[PlyCount "62"]
[EventDate "2017.??.??"]

1. c4 c5 2. Nc3 Nc6 3. g3 g6 4. Bg2 Bg7 5. Nf3 d6 6. O-O e5 7. d3 Nge7 8. Bg5
f6 9. Bd2 O-O 10. Ne1 Be6 11. Nd5 Rb8 12. Qa4 a6 13. Rb1 Nd4 14. e3 Nxd5 15.
cxd5 Bd7 16. Qd1 Nf5 17. b4 b6 18. Nc2 Qe7 19. Bc3 Rfc8 20. Qd2 c4 21. dxc4
Rxc4 22. Na3 Rc7 23. Rfc1 Rbc8 24. Bb2 Qd8 25. Rxc7 Rxc7 26. Rc1 b5 27. Nb1 Ne7
28. e4 Nc8 29. Rxc7 Qxc7 30. Qc3 Qxc3 31. Nxc3 Bh6 1/2-1/2

[Event "SG Bochum 3 - SC Gerthe - Werne 1"]
[Site "Verbandsliga, Gruppe 2 2017/2"]
[Date "2017.09.17"]
[Round "1.4"]
[White "Fistoul, Boris"]
[Black "Gottmann, Bernd"]
[Result "0-1"]
[WhiteElo "1961"]
[BlackElo "1912"]
[PlyCount "50"]
[EventDate "2017.??.??"]

1. d4 g6 2. c4 Bg7 3. e4 c5 4. d5 d6 5. Nc3 e6 6. Be3 exd5 7. cxd5 Nf6 8. f3
O-O 9. Be2 Re8 10. Qd2 Na6 11. g4 Nc7 12. Bg5 Rb8 13. h4 b5 14. h5 b4 15. Nd1
Bd7 16. hxg6 fxg6 17. Ne3 Nb5 18. Bxb5 Bxb5 19. Qh2 Qe7 20. Nh3 h6 21. Bf4 Nxe4
22. O-O-O Ng5 23. Nxg5 hxg5 24. Qh7+ Kf7 25. Rh6 Qf6 0-1